| 000 | 00502nam a2200145 i 4500 | ||
|---|---|---|---|
| 001 | 142201 | ||
| 003 | ES-MaACL | ||
| 007 | t| | ||
| 008 | 071003s1929 sp ||||1| spa d | ||
| 100 | 1 |
_aVillanueva, Francisco. _9115019 |
|
| 245 | 1 | 3 |
_aEl momento constitucional _b: crónica de actuaciones públicas y privadas para salir de la dictadura en España / _cFrancisco Villanueva. |
| 260 |
_aMadrid : _b[s.n.], _c1929 ( _fSucesores de F. Peña) |
||
| 300 |
_a391 p. ; _c20 cm. |
||
| 852 |
_aES-MaACL _jB-3637 |
||
| 999 |
_c142201 _d142201 |
||